000
00160 a2200085 4500
100
_a
Bora Egemen
245
_a
Hadi be oğlum
260
_c
2018
264
_c
2018
999
_c
200431179
_d
49391